000
00423nam a2200157Ia 4500
008
090123s9999 xx 000 0 und d
082
_b
41063
245
_a
रेशीमगाठी
250
_a
1
260
_b
अनघा प्रकाशन
_c
2007
300
_a
144
630
_a
रेशीमगाठी
700
_a
शेवते अरुण
730
_a
रेशीमगाठी
942
_c
BOOK
999
_c
79136
_d
79136